The new penguin dictionary of civil engineering (Record no. 105409)
[ view plain ]
| 000 -LEADER | |
|---|---|
| fixed length control field | 01001cam a2200205 4500 |
| 001 - CONTROL NUMBER | |
| control field | ##L133497 |
| 008 - FIXED-LENGTH DATA ELEMENTS--GENERAL INFORMATION | |
| fixed length control field | 060512n2005 000 0 eng u |
| 020 ## - INTERNATIONAL STANDARD BOOK NUMBER | |
| International Standard Book Number | 0140515267 |
| 035 ## - SYSTEM CONTROL NUMBER | |
| System control number | (Sirsi) u133497 |
| 041 0# - LANGUAGE CODE | |
| Language code of text/sound track or separate title | eng |
| 050 04 - LIBRARY OF CONGRESS CALL NUMBER | |
| Classification number | 624.03 $2 18 |
| 100 1# - MAIN ENTRY--PERSONAL NAME | |
| Personal name | Blockley, David |
| 245 04 - TITLE STATEMENT | |
| Title | The new penguin dictionary of civil engineering |
| 260 ## - PUBLICATION, DISTRIBUTION, ETC. | |
| Place of publication, distribution, etc. | London |
| Name of publisher, distributor, etc. | Penguin Books |
| Date of publication, distribution, etc. | 2005 |
| 300 ## - PHYSICAL DESCRIPTION | |
| Extent | xxiv, 533p. |
| Other physical details | ill. |
| Dimensions | 20cm. |
| 350 ## - PRICE (NR) (BK AM CF MU VM SE) [OBSOLETE] | |
| Price | 15 99 |
| 520 ## - SUMMARY, ETC. | |
| Summary, etc. | This essential work of reference explains terms, jargon, new technology, and thinking in the field of civil engineering. It defines engineering science theory terms, includes features on sustainability and the environment, risk and safety, ethics and soft systems thinking, and provides web addresses for significant organisations. Covers not only the main fields of civil engineering, but key related fields such as business and finance, transport and water. |
| 690 ## - LOCAL SUBJECT ADDED ENTRY--TOPICAL TERM (OCLC, RLIN) | |
| Topical term or geographic name as entry element | BUILT ENVIRONMENT-ENGINEERING-CIVIL ENGINEERING |
| 942 ## - ADDED ENTRY ELEMENTS (KOHA) | |
| Suppress in OPAC | 0 |
| Withdrawn status | Lost status | Source of classification or shelving scheme | Damaged status | Not for loan | Home library | Current library | Shelving location | Date acquired | Cost, normal purchase price | Total Checkouts | Full call number | Barcode | Date last seen | Copy number | Cost, replacement price | Price effective from | Koha item type |
|---|---|---|---|---|---|---|---|---|---|---|---|---|---|---|---|---|---|
| Dewey Decimal Classification | London | London | Books | 09/06/2006 | 13.59 | 624.03 BLO | 30073004 | 06/08/2019 | 1 | 13.59 | 06/08/2019 | Reference material |